000 00706nam a2200289Ia 4500
005 20260324113117.0
008 008 260324s9999 xx 000 0 eng d
020 _a9780429356063
037 _aEBOOK
040 _aCRL
040 _beng
040 _cCRL
041 _2eng
041 _aeng
084 _qCRL
100 _aEdward Swenson
_91145461
245 0 _aInfrastructures of Religion and Power
245 0 _bArchaeologies of Landscape, Ritual, and Semiotics
260 _bTaylor and Francis
260 _c2024
365 _a
365 _b230
856 _uhttp://www.taylorfrancis.com/books/9780429356063
942 _cEBOOK
999 _c1734942
_d1734942